000 00589nam a2200241Ia 4500
003 OSt
005 20220918194647.0
006 a|||||r|||| 00| 0
007 ta
008 220917b |||||||| |||| 00| 0 eng d
024 _a80,798
037 _cTextual
040 _aARTS
_cARTS
_beng
041 _2eng
_aeng
082 _aS:6, K6-;1
100 _aBirch D
_986205
245 0 _aMotivation
_b a study of action
260 _c1966
650 _aPSYCHOLOGY
700 _a Veroff J
_986206
942 _hS:6, K6-;1
_cTEXL
_2CC
999 _c204520
_d204520